5 Grootste Steden per Land - Statistieken

Algemene statistieken
  • Deze quiz is 3.161 keer genomen
    3.160 sinds de laatste reset
  • De gemiddelde score is 26 van 60
Antwoordstatistieken
Country City % Correct
United States New York
97%
United Kingdom Londen
93%
Russia Moskou
89%
Japan Tokio
89%
Brazil Rio de Janeiro
85%
Australia Sydney
85%
Mexico Mexico Stad
84%
United States Los Angeles
83%
United Kingdom Manchester
81%
China Peking
81%
Brazil Brasilia
77%
South Africa Kaapstad
76%
United States Washington D.C.
74%
United Kingdom Liverpool
70%
South Africa Johannesburg | Pretoria
65%
United States Chicago
63%
India Delhi
63%
Australia Melbourne
63%
India Bombay
62%
Brazil São Paulo
62%
Canada Toronto
61%
China Shanghai
58%
Colombia Bogota
55%
United Kingdom Birmingham
52%
Australia Perth
51%
Canada Vancouver
51%
Japan Osaka
47%
Canada Montreal
46%
United States San Francisco
44%
South Africa Bloemfontein
40%
Russia St. Petersburg
40%
India Calcutta
38%
United Kingdom Leeds
34%
Australia Brisbane
33%
Colombia Medellin
31%
China Guangzhou / Shenzhen
30%
Australia Adelaide
27%
India Bangalore
21%
Colombia Cali
20%
South Africa Durban
20%
Mexico Guadalajara
20%
Brazil Belo Horizonte
19%
Canada Calgary
19%
India Madras
19%
Canada Edmonton
17%
Mexico Monterrey
17%
Japan Nagoya
15%
Japan Sapporo
14%
China Xiamen
13%
South Africa Port Elizabeth
11%
China Tianjin
11%
Brazil Porto Alegre
10%
Colombia Barranquilla
9%
Russia Jekaterinenburg
9%
Russia Nizjni Novgorod
9%
Japan Fukuoka
8%
Russia Novosibirsk
8%
Mexico Puebla
7%
Colombia Bucaramanga
3%
Mexico Toluca
3%
Geen overeenkomende quizzen gevonden
Scoreverdeling
Procent van Mensen met Elke Score
Percentiel versus Aantal Correcte Antwoorden
Uw Scoregeschiedenis
U heeft deze quiz nog niet genomen sinds de laatste reset